| 000 | 00442pab a2200157 454500 | ||
|---|---|---|---|
| 008 | 180718b2014 xxu||||| |||| 00| 0 eng d | ||
| 100 | _aRio, Pablo del | ||
| 245 | _aOn evaluating success in complex policy mixes: the case of renewable energy support schemes | ||
| 260 | _c2014 | ||
| 300 | _ap.267-287. | ||
| 362 | _aSep | ||
| 650 | _aRenewable energy sources | ||
| 650 | _aPolicy design | ||
| 773 | _aPolicy Sciences | ||
| 909 | _a107330 | ||
| 999 |
_c107325 _d107325 |
||